00713nam a2200133Ia 4500008004100000050001900041100002700060245005100087260003300138300001800171490004700189505031200236650003100548120626s1961 mx 000 0 und d aBF637.E5 bN32 aNahoum, Charleseautor aLa entrevista Psicológica c/ Charles Namoum aMéxicob: Kapeluszc, 1961 a169 páginas aBiblioteca de psicología contemporánea aLa entrevista de encuesta o de investigación La entrevista de orientación. Problemas generales La entrevista de orientación. Problemas prácticos Las entrevistas de selección y de control de trabajo Táctica y "errores" en el desarrollo de la entrevista El entrevistador y su formación 0aENTREVISTA EN PSICOLOGÍA